| 000 | 00535nam a2200205 a 4500 | ||
|---|---|---|---|
| 005 | 20210219153141.0 | ||
| 008 | 991125n 000 0 u | ||
| 035 | _aUPN01000080385 | ||
| 100 | 1 | _aShepherd, Geraldine Beaty | |
| 222 | _aYOUNG CHILDREN | ||
| 245 | _aA glimpse of kindergarten : chinese style | ||
| 300 | _a11-15 | ||
| 362 | 0 | _a1991 Vol. 47, no. 1 | |
| 653 | 0 | _aAMBIENTE ESCOLAR | |
| 653 | 0 | _aJARDIN DE NIÑOS | |
| 653 | 0 | _aEDUCADORAS | |
| 653 | 0 | _aPRACTICA DOCENTE | |
| 904 |
_aAC _b018196 |
||
| 905 | _aArticulo | ||
| 999 |
_c69512 _d69512 |
||